000 00713nam a2200241 i 4500
001 bgj
100 1 _aJONES, Daniel
245 1 0 _aEnglish pronouncing dictionary /
_cDaniel Jones ; edited by Peter Roach and James Hartman.
250 _a15th edit.
260 _aCambridge :
_bCambridge University Press,
_c1997.
300 _aXIX, 559 pp ;
_c23 cm.
504 _aIncludes bibliographical references.
650 9 _aEnglish language
_xPronunication
655 _aDictionaries
700 1 _aROACH, Peter.
_eeditor
700 1 _aHARTMAN, James.
_eeditor
020 _a0521459036
040 _cBPK
041 _aeng
920 _a0-521-45903-6
942 _cKS
008 s uk f |000 0 eng
999 _c48226
_d48226
856 _uhttp://koha.tu.koszalin.pl/cgi-bin/koha/opac-detail.pl?biblionumber=48226
_yKatalog online BPK